Vytváranie multipolárneho usporiadania moci vo svete na začiatku 21. storočia

Rozpad bipolárneho usporiadania medzinárodných vzťahov na konci 20. storočia a jeho dôsledky. Prechod spoločnosti do postmoderného štádia vývoja a vytváranie multipolárneho usporiadania moci vo svete ako základné faktory, ktoré podmieňujú súčasný stav a tendencie vývoja medzinárodných vzťahov. Úvahy...

Descrizione completa

Salvato in:
Dettagli Bibliografici
Autore principale: Škvrnda, František
Natura: Capitolo di libro
Lingua:slovacco
Soggetti:
Tags: Aggiungi Tag
Nessun Tag, puoi essere il primo ad aggiungerne!!

MARC

LEADER 00000nla$a2200000$$$4500
001 0117580
005 20240502072320.3
041 0 |a slo 
044 |a SK 
245 1 0 |a Vytváranie multipolárneho usporiadania moci vo svete na začiatku 21. storočia  |c František Škvrnda 
520 |a Rozpad bipolárneho usporiadania medzinárodných vzťahov na konci 20. storočia a jeho dôsledky. Prechod spoločnosti do postmoderného štádia vývoja a vytváranie multipolárneho usporiadania moci vo svete ako základné faktory, ktoré podmieňujú súčasný stav a tendencie vývoja medzinárodných vzťahov. Úvahy o vzniku postvestfálskeho systému usporiadania medzinárodných vzťahov. Základné modely možného usporiadania medzinárodných vzťahov v 21. storočí. Stručný prehľad aktérov súčasných medzinárodných vzťahov s potenciálom superveľmocí. Názory na vytváranie multipolárneho usporiadania moci vo svete v scenároch vývoja medzinárodných vzťahov. 
610 2 0 |a politika medzinárodná 
610 2 0 |a vzťahy politické medzinárodné 
610 2 0 |a bezpečnosť medzinárodná 
610 2 0 |a vývoj 
610 2 0 |a globalizácia 
610 2 0 |a krajiny vyspelé 
610 2 0 |a krajiny rozvojové 
610 2 0 |a svet 
610 2 0 |a organizácie medzinárodné 
610 2 0 |a sily ozbrojené 
100 1 |a Škvrnda, František